000 01370 a2200205 4500
001 22387
005 20260407155515.0
008 260407a1957 arg spa d
003 AR-UNSa-BCEJYS
040 _aAR-UNSa-BCEJYS
_bspa
_cAR-UNSa-BCEJYS
080 _a336.2
_xIngresos públicos (Derecho tributario)
245 1 0 _aCurso superior de Derecho Tributario
264 1 _aBuenos Aires :
_bLiceo Profesional Cima
_c1957
300 _a2 v.(412 ; 475 p.)
_c25 cm.
505 _aVol. 1: 1. Nociones preliminares - 2. Poder fiscal - 3. Límites constitucionales al ejercicio del poder fiscal - 4. Relación jurídica tributaria - 5. Nacimiento y extinción de las obligaciones tributarias - 6. Naturaleza e interpretación de las obligaciones tributarias - 7. Derecho tributario administrativo - 8. Derecho tributario penal - 9. Derecho tributario procesal - Vol. 2: 10. Impuestos internos - 11. Impuesto a las ventas - 12. Impuesto a los réditos - 13. Impuesto a los beneficios extraordinarios - 14. Impuesto sustitutivo del gravamen a la transmisión gratuita de bienes - 15. Impuesto a las ganancias eventuales - 16. Impuesto inmobiliario - 17. Impuesto a las actividades lucrativas - 18. Impuesto a la transmisión gratuita de bienes - 19. Impuesto de sellos
041 _aspa
942 _cBK
590 _aniveau_biblio:m niveau_hierar:0
100 1 _aJarach, Dino
999 _c1003
_d1003